000 00638nam a2200205 i 4500
001 102369
003 ES-MaACL
005 20230906183109.0
007 t|
008 051110s1955 sp ||||1| spa d
100 1 _aMenzel, Roderich.
_980392
245 1 0 _aHombres que luchan contra el cáncer /
_cRoderich Menzel; [traducción directa del original por Víctor Scholz].
260 _aBarcelona :
_bCorinto,
_c1955.
300 _a435 p. ;
_c20 cm.
490 1 _aLa aventura vivida
700 1 _aScholz, Víctor.
_9104643
830 0 _aLa aventura vivida
_9182399
852 _aES-MaACL
_jC-9643
_bR.37793
999 _c102369
_d102369